00518nam a2200145Ia 4500020001800000082002200018100002400040245009300064260003400157300001100191504004600202650005000248650004200298650003200340 a0-7391-0888-3 a303.4840955 POU-S aPoulson, Stephen C. 0aSocial movements in twentieth-century Iran: culture, ideology, and mobilizing frameworks aLanhambLexington Booksc2005 ax, 338 aincludes appendix, bibliography and index aSocial movementsvHistoryzIranz20th century aIranvSocial conditionsz20th century aIranvHistoryz20th century